000 00691nam a2200241Ia 4500
003 OSt
005 20220925231924.0
006 a|||||r|||| 00| 0
007 ta
008 220923b |||||||| |||| 00| 0 eng d
020 _a0 262 15009 3
037 _cGeneral Book
040 _aRTL
_cRTL
_beng
041 _2eng
_aeng
082 _aU21, L3
100 _aOlmsted Fredrick Law
_9296339
245 0 _aForty years of landscpae architecture
260 _aMassachusetts
_bCentral Park
_c1973
300 _axviii,575p. Bib p. 575,Appendix p. 533-74
_ccm.
650 _aGeomorphology
942 _hU21, L3
_cGB
_2CC
999 _c589755
_d589755